Tribal and environmental history of India: new perspectives (Record no. 1230633)

MARC details
000 -LEADER
fixed length control field 00703nam a2200217Ia 4500
005 - DATE AND TIME OF LATEST TRANSACTION
control field 20241129111455.0
008 - FIXED-LENGTH DATA ELEMENTS--GENERAL INFORMATION
fixed length control field 241129s9999||||xx |||||||||||||| ||und||
020 ## - INTERNATIONAL STANDARD BOOK NUMBER
International Standard Book Number 978-93-5171-013-4
037 ## - SOURCE OF ACQUISITION
Stock number TB
040 ## - CATALOGING SOURCE
Original cataloging agency CRL
Language of cataloging eng
Transcribing agency CRL
041 ## - LANGUAGE CODE
Language code of text/sound track or separate title eng
Source of code eng
084 ## - COLON CLASSIFICATION NUMBER
Classification number Y72.2 R1
Assigning agency CRL
100 ## - MAIN ENTRY--PERSONAL NAME
Personal name Ajay Pratap Ed.; Paranjape Binda Ed.; Ghan Shyam Ed.
9 (RLIN) 724521
245 #0 - TITLE STATEMENT
Title Tribal and environmental history of India: new perspectives
Statement of responsibility, etc. Ajay Pratap Ed.; Paranjape Binda Ed.; Ghan Shyam Ed.
260 ## - PUBLICATION, DISTRIBUTION, ETC.
Place of publication, distribution, etc. New Delhi, India
Name of publisher, distributor, etc. Research Press
Date of publication, distribution, etc. 2021
300 ## - PHYSICAL DESCRIPTION
Extent xvii,360p.
365 ## - TRADE PRICE
Price type code INR
Price amount 1850
650 ## - SUBJECT ADDED ENTRY--TOPICAL TERM
Topical term or geographic name entry element SociologyRace
9 (RLIN) 726218
942 ## - ADDED ENTRY ELEMENTS (KOHA)
Koha item type Textbook
Classification part Y72.2 R1
Holdings
Withdrawn status Lost status Damaged status Not for loan Home library Current library Date acquired Source of acquisition Cost, normal purchase price Inventory number Total Checkouts Full call number Barcode Date last seen Price effective from Koha item type
        Central Library Central Library 2024-11-29 Vani Prakashan 1850.00 5 & 17/02/2024   Y72.2 R1 CL1681437 2024-11-29 2024-11-29 Textbook
Copyright @ Delhi University Library System